Statistics for World Programming Championship Winners

Click here to take the quiz!

General Stats

  • This quiz has been taken 4 times
    (3 since last reset)
  • The average score is 7 of 43

Answer Stats

Year Country of Origin University % Correct
1993USAHarvard University
67%
1978USAMassachusetts Institute of Technology
67%
1991USAStanford University
33%
1989USAUniversity of California, Los Angeles
33%
1996USAUniversity of California, Berkeley
33%
1988USACalifornia Institute of Technology
33%
2018RussiaMoscow State University
33%
1987USAStanford University
33%
1986USACalifornia Institute of Technology
33%
1985USAStanford University
33%
2003PolandUniversity of Warsaw
33%
2004RussiaInformation Technologies, Mechanics and Optics University
33%
1977USAMichigan State University
33%
2007PolandUniversity of Warsaw
33%
2008RussiaInformation Technologies, Mechanics and Optics University
33%
2009RussiaInformation Technologies, Mechanics and Optics University
33%
2012RussiaInformation Technologies, Mechanics and Optics University
33%
2013RussiaInformation Technologies, Mechanics and Optics University
33%
2015RussiaInformation Technologies, Mechanics and Optics University
33%
2017RussiaInformation Technologies, Mechanics and Optics University
33%
1983USAUniversity of Nebraska
0%
1984USAJohns Hopkins University
0%
1981USAUniversity of Missouri–Rolla
0%
1980USAWashington University in St. Louis
0%
1979USAWashington University in St. Louis
0%
1990New ZealandUniversity of Otago
0%
1982USABaylor University
0%
2019RussiaMoscow State University
0%
1992AustraliaUniversity of Melbourne
0%
1994CanadaUniversity of Waterloo
0%
1995GermanyAlbert-Ludwigs-Universität
0%
1997USAHarvey Mudd College
0%
1999CanadaUniversity of Waterloo
0%
2000RussiaSt. Petersburg State University
0%
2001RussiaSt. Petersburg State University
0%
2002ChinaShanghai Jiao Tong University
0%
2005ChinaShanghai Jiao Tong University
0%
2006RussiaSaratov State University
0%
2010ChinaShanghai Jiao Tong University
0%
2011ChinaZhejiang University
0%
2014RussiaSt. Petersburg State University
0%
2016RussiaSt. Petersburg State University
0%
1998Czech RepublicCharles University
0%

Score Distribution

Percentile by Number Answered

Percent of People with Each Score

Your Score History

You have not taken this quiz since the last reset